00323nam a2200097 4500008004100000040005500041080002100096245006100117260003800178300000900216240910b |||||||| |||| 00| 0 eng d aNational Science LibrarycNational Science Library a378.962(058)bK4 aFachschulfuhrer bDer Deutschen demokratischen republik  aLeipzigbVeb fachbuchverlagc1961 b387p